2000 things you should know about world history
| Main Author: | Farndon, John |
|---|---|
| Published: |
Great Bardfield, Essex:
Miles Kelly Pub.,
2005.
|
| Subjects: |
| LEADER | 00577cam a2200169 7i4500 | ||
|---|---|---|---|
| 001 | 0000041729 | ||
| 005 | 20120209090000.0 | ||
| 020 | |a 1842366386 (pbk.) | ||
| 020 | |a 9781842366387 | ||
| 090 | 0 | 0 | |a D23 |b .F37 2005 |
| 100 | 1 | |a Farndon, John | |
| 245 | 1 | 0 | |a 2000 things you should know about world history |c John Farndon. |
| 246 | 3 | |a Two thousand things you should know about world history. | |
| 260 | |a Great Bardfield, Essex: |b Miles Kelly Pub., |c 2005. | ||
| 300 | |a 121 p.: |b col. ill.; |c 30 cm. | ||
| 650 | 0 | 0 | |a World history |
| 999 | |a 0000050267 |b BOK |c REFERENCE |e Ground Floor, Bestari Jaya | ||


